| 000 | 00605cam a2200193 4500 | ||
|---|---|---|---|
| 001 | LIBR000151 | ||
| 008 | 1988 a spa | ||
| 020 | _a84-7214-395-3 | ||
| 035 | _aLIBR000151 | ||
| 050 | 4 |
_aNE1225 _bC43 1988 |
|
| 100 | 1 | _aChamberlain, Walter. | |
| 245 | 0 |
_aManual de grabado en madera y tecnicas afines / _cWalter Chamberlain ; Fernando Barrajo Castanedo tr. |
|
| 260 |
_aEspaƱa : _bBlume., _c1988 |
||
| 300 |
_a184 p. ; _c24 cm. |
||
| 440 | 0 | _aManual de grabado en madera | |
| 504 | _aBibliografia: p. 171-173 | ||
| 650 | 4 |
_aGrabado en madera _xtecnica. |
|
| 942 |
_2lcc _cLIB |
||
| 999 |
_c158379 _d158377 |
||